Selektívne dane zo spotreby a ich vplyv na spotrebiteľský dopyt diplomová práca

Salvato in:
Dettagli Bibliografici
Autore principale: Lovič, Pavol
Ente Autore: Národohospodárska fakulta EU. Katedra financií
Altri autori: Geško, Martin
Natura: Libro
Lingua:slovacco
Pubblicazione: Bratislava 2009
Tags: Aggiungi Tag
Nessun Tag, puoi essere il primo ad aggiungerne!!

MARC

LEADER 00000nam$a2200000$$$4500
001 0096737
005 20240318141513.7
041 0 |a slo 
044 |a SK 
245 1 0 |a Selektívne dane zo spotreby a ich vplyv na spotrebiteľský dopyt  |b diplomová práca  |c Pavol Lovič ; škol. Martin Greško 
264 1 |a Bratislava  |c 2009 
300 |a 67 s. 
100 1 |a Lovič, Pavol 
700 1 |a Geško, Martin 
710 2 |a Národohospodárska fakulta EU. Katedra financií